<?xml version="1.0" encoding="UTF-8"?>
<record
    xmlns:xsi="http://www.w3.org/2001/XMLSchema-instance"
    xsi:schemaLocation="http://www.loc.gov/MARC21/slim http://www.loc.gov/standards/marcxml/schema/MARC21slim.xsd"
    xmlns="http://www.loc.gov/MARC21/slim">

  <leader>02384nam a2200361 i 4500</leader>
  <controlfield tag="001">000039147</controlfield>
  <controlfield tag="003">DO-SdBNP</controlfield>
  <controlfield tag="005">20260219140421.0</controlfield>
  <controlfield tag="007">ta</controlfield>
  <controlfield tag="008">130528e2013    dr ao  gr     001 edspa d</controlfield>
  <datafield tag="020" ind1=" " ind2=" ">
    <subfield code="a">9789945165357</subfield>
  </datafield>
  <datafield tag="040" ind1=" " ind2=" ">
    <subfield code="a">DO-SdBNP</subfield>
    <subfield code="b">spa</subfield>
    <subfield code="c">BNPHU</subfield>
    <subfield code="e">rda</subfield>
  </datafield>
  <datafield tag="041" ind1=" " ind2=" ">
    <subfield code="h">spa</subfield>
  </datafield>
  <datafield tag="082" ind1=" " ind2="4">
    <subfield code="a">xxx</subfield>
    <subfield code="b">H552C</subfield>
    <subfield code="2">22</subfield>
  </datafield>
  <datafield tag="100" ind1="1" ind2=" ">
    <subfield code="a">Hamlet, Hermann,</subfield>
    <subfield code="d">1934-2016</subfield>
    <subfield code="e">autor</subfield>
    <subfield code="9">36649</subfield>
    <subfield code="4">aut.</subfield>
  </datafield>
  <datafield tag="245" ind1="1" ind2="0">
    <subfield code="a">Caama&#xF1;o :</subfield>
    <subfield code="b">biograf&#xED;a de una &#xE9;poca /</subfield>
    <subfield code="c">Hamlet Hermann.</subfield>
  </datafield>
  <datafield tag="264" ind1=" " ind2="4">
    <subfield code="a">Santo Domingo, Rep&#xFA;blica Dominicana :</subfield>
    <subfield code="b">Editora B&#xFA;ho,</subfield>
    <subfield code="c">&#xA9;2013</subfield>
  </datafield>
  <datafield tag="300" ind1=" " ind2=" ">
    <subfield code="a">523 p&#xE1;ginas :</subfield>
    <subfield code="b">ilustraciones, fotograf&#xED;as ;</subfield>
    <subfield code="c">28 cm.</subfield>
  </datafield>
  <datafield tag="336" ind1=" " ind2=" ">
    <subfield code="a">rdacontent</subfield>
    <subfield code="b">texto</subfield>
    <subfield code="2">txt</subfield>
  </datafield>
  <datafield tag="337" ind1=" " ind2=" ">
    <subfield code="a">rdamedia</subfield>
    <subfield code="b">sin mediaci&#xF3;n</subfield>
    <subfield code="2">n</subfield>
  </datafield>
  <datafield tag="338" ind1=" " ind2=" ">
    <subfield code="a">rdacarrier</subfield>
    <subfield code="b">volumen</subfield>
    <subfield code="2">nc</subfield>
  </datafield>
  <datafield tag="500" ind1=" " ind2=" ">
    <subfield code="a">Incluye datos biogr&#xE1;ficos del autor en las solapas de las portadas</subfield>
  </datafield>
  <datafield tag="500" ind1=" " ind2=" ">
    <subfield code="a">Incluye &#xED;ndice onom&#xE1;stico.</subfield>
  </datafield>
  <datafield tag="500" ind1=" " ind2=" ">
    <subfield code="a">Incluye notas al pie de las p&#xE1;ginas</subfield>
  </datafield>
  <datafield tag="504" ind1=" " ind2=" ">
    <subfield code="a">Bibliograf&#xED;a: p. 505 -513</subfield>
  </datafield>
  <datafield tag="505" ind1=" " ind2="0">
    <subfield code="a">Presentaci&#xF3;n.</subfield>
    <subfield code="t">Origen de la familia Caama&#xF1;o.--</subfield>
    <subfield code="t">El oficial Caama&#xF1;o Medina.--</subfield>
    <subfield code="t">Francis inicia la carrera militar.--</subfield>
    <subfield code="t">Par&#xE9;ntesis hist&#xF3;rico.--</subfield>
    <subfield code="t">Consejo de Estado.--</subfield>
    <subfield code="t">Palmo Sola.--</subfield>
    <subfield code="t">Gobierno Constitucional y cuartelazo.--</subfield>
    <subfield code="t">Guerra civil.--</subfield>
    <subfield code="t">Guerra Patri&#xF3;tica.--</subfield>
    <subfield code="t">Negociaci&#xF3;n y agresi&#xF3;n.--</subfield>
    <subfield code="t">La Academia militar "24 de abril".--</subfield>
    <subfield code="t">Contin&#xFA;an las negociaciones.--</subfield>
    <subfield code="t">Caama&#xF1;o renuncia al presidencia de la Rep&#xFA;blica.--</subfield>
    <subfield code="t">Gobierno provisional de H&#xE9;ctor Garc&#xED;a-Godoy</subfield>
    <subfield code="t">Victoria constitucionalista en el hotel Matum.--</subfield>
    <subfield code="t">Caama&#xF1;o va a Londres como agregado militar.--</subfield>
    <subfield code="t">Visita de Caama&#xF1;o a Oxford.--</subfield>
    <subfield code="t">Cortejando al l&#xED;der militar constitucionalista.--</subfield>
    <subfield code="t">Juan Montalvo conversa con Caama&#xF1;o.--</subfield>
    <subfield code="t">Balaguer asume el gobierno.--</subfield>
    <subfield code="t">Bosch se va a Espa&#xF1;a.--</subfield>
    <subfield code="t">P&#xE9;rez y P&#xE9;rez trata de paralizar a Caama&#xF1;o en Londres.--</subfield>
    <subfield code="t">Caama&#xF1;o tendr&#xED;a que desafiar la &#xE9;poca.--</subfield>
    <subfield code="t">Haciendo maletas para ir al Caribe.--</subfield>
  </datafield>
  <datafield tag="505" ind1=" " ind2="0">
    <subfield code="a">Listando su salida para Cuba.--</subfield>
    <subfield code="r">Caama&#xF1;o en Cuba.--</subfield>
    <subfield code="t">Nuevos vientos soplan en Cuba.--</subfield>
    <subfield code="t">Empezar de nuevo.--</subfield>
    <subfield code="t">A partir del 28 de septiembre de 1972.--</subfield>
    <subfield code="t">Antesala de la Repatriaci&#xF3;n.--</subfield>
    <subfield code="t">De vuelta a casa.--</subfield>
    <subfield code="t">Llegaron llenos de patriotismo.--</subfield>
    <subfield code="t">Bibliograf&#xED;a.--</subfield>
    <subfield code="t">&#xCD;ndice onom&#xE1;stico.</subfield>
  </datafield>
  <datafield tag="590" ind1=" " ind2=" ">
    <subfield code="a">Inventariado 2023 / MF</subfield>
  </datafield>
  <datafield tag="600" ind1=" " ind2="4">
    <subfield code="9">10026</subfield>
    <subfield code="a">Caama&#xF1;o De&#xF1;&#xF3;, Francisco Alberto,</subfield>
    <subfield code="d">1932-1973</subfield>
    <subfield code="v">Biograf&#xED;a</subfield>
  </datafield>
  <datafield tag="651" ind1=" " ind2="4">
    <subfield code="9">51909</subfield>
    <subfield code="a">Rep&#xFA;blica Dominicana</subfield>
    <subfield code="x">Biograf&#xED;as</subfield>
    <subfield code="y">1965</subfield>
  </datafield>
  <datafield tag="910" ind1=" " ind2=" ">
    <subfield code="a">MFeliz</subfield>
  </datafield>
  <datafield tag="942" ind1=" " ind2=" ">
    <subfield code="2">ddc</subfield>
    <subfield code="c">LBS1</subfield>
  </datafield>
  <datafield tag="952" ind1=" " ind2=" ">
    <subfield code="0">0</subfield>
    <subfield code="1">0</subfield>
    <subfield code="2">ddc</subfield>
    <subfield code="5">1</subfield>
    <subfield code="7">0</subfield>
    <subfield code="8">PD</subfield>
    <subfield code="a">BNPHU</subfield>
    <subfield code="b">BNPHU</subfield>
    <subfield code="c">CT</subfield>
    <subfield code="d">2013-05-28</subfield>
    <subfield code="e">Dep&#xF3;sito Legal</subfield>
    <subfield code="o">BNPHU PD xxx H552C</subfield>
    <subfield code="p">39147-10</subfield>
    <subfield code="r">2020-06-25</subfield>
    <subfield code="w">2020-06-25</subfield>
    <subfield code="y">LBS1</subfield>
  </datafield>
  <datafield tag="952" ind1=" " ind2=" ">
    <subfield code="0">0</subfield>
    <subfield code="1">0</subfield>
    <subfield code="2">ddc</subfield>
    <subfield code="5">1</subfield>
    <subfield code="7">0</subfield>
    <subfield code="8">PD</subfield>
    <subfield code="a">BNPHU</subfield>
    <subfield code="b">BNPHU</subfield>
    <subfield code="c">CT</subfield>
    <subfield code="d">2022-05-19</subfield>
    <subfield code="e">Donado por Ubi Rivas</subfield>
    <subfield code="l">0</subfield>
    <subfield code="o">BNPHU PD xxx H552C</subfield>
    <subfield code="p">2023-0527</subfield>
    <subfield code="r">2023-02-01</subfield>
    <subfield code="t">e.2</subfield>
    <subfield code="w">2023-02-01</subfield>
    <subfield code="y">LBS1</subfield>
  </datafield>
  <datafield tag="952" ind1=" " ind2=" ">
    <subfield code="0">0</subfield>
    <subfield code="1">0</subfield>
    <subfield code="2">ddc</subfield>
    <subfield code="5">6</subfield>
    <subfield code="7">0</subfield>
    <subfield code="8">DS</subfield>
    <subfield code="a">BNPHU</subfield>
    <subfield code="b">BNPHU</subfield>
    <subfield code="c">CT</subfield>
    <subfield code="d">2024-12-02</subfield>
    <subfield code="e">Donado por la Presidencia de la Rep&#xFA;blica Dominicana 2023</subfield>
    <subfield code="l">0</subfield>
    <subfield code="o">BNPHU DS xxx H552C</subfield>
    <subfield code="p">2024-6835</subfield>
    <subfield code="r">2024-12-02</subfield>
    <subfield code="t">e.3</subfield>
    <subfield code="w">2024-12-02</subfield>
    <subfield code="y">LBS1</subfield>
    <subfield code="z">Pertenecio a la biblioteca personal de Emilio Cordero Michel</subfield>
  </datafield>
  <datafield tag="952" ind1=" " ind2=" ">
    <subfield code="0">0</subfield>
    <subfield code="1">0</subfield>
    <subfield code="2">ddc</subfield>
    <subfield code="5">6</subfield>
    <subfield code="7">0</subfield>
    <subfield code="8">DS</subfield>
    <subfield code="a">BNPHU</subfield>
    <subfield code="b">BNPHU</subfield>
    <subfield code="c">CT</subfield>
    <subfield code="d">2026-02-19</subfield>
    <subfield code="e">Donado por Laura Pujols 2025</subfield>
    <subfield code="l">0</subfield>
    <subfield code="o">BNPHU DS xxx H552C</subfield>
    <subfield code="p">2026-1442</subfield>
    <subfield code="r">2026-02-19</subfield>
    <subfield code="t">e.4</subfield>
    <subfield code="w">2026-02-19</subfield>
    <subfield code="y">LBS1</subfield>
  </datafield>
  <datafield tag="999" ind1=" " ind2=" ">
    <subfield code="c">38637</subfield>
    <subfield code="d">38637</subfield>
  </datafield>
</record>
